Geography Quiz

Random Geography or State Quiz

Counties of Northern New England Border Blitz Quiz Stats

 Plays Quiz not verified by Sporcle

Support Sporcle.
Go Orange.
Score 0/40 Timer 01:00
0 Plays Today
County % Correct
Caledonia
94.3%
Grafton
93.6%
Oxford
92.9%
Carroll
92.2%
Chittenden
92.2%
York
92.2%
Orange
91.5%
Penobscot
91.5%
Somerset
91.5%
Strafford
91.5%
Addison
90.8%
Lamoille
90.8%
Cumberland
90.1%
Kennebec
90.1%
Essex
89.4%
Aroostook
88.7%
Hancock
88.7%
Rockingham
88.7%
Windsor
88.7%
Androscoggin
87.9%
County % Correct
Sullivan
87.9%
Washington (VT)
87.9%
Coos
87.2%
Waldo
87.2%
Washington (ME)
87.2%
Merrimack
86.5%
Windham
86.5%
Franklin (ME)
85.8%
Franklin (VT)
85.1%
Orleans
85.1%
Rutland
85.1%
Bennington
84.4%
Hillsborough
83.7%
Cheshire
83%
Grand Isle
80.9%
Lincoln
80.9%
Belknap
78%
Knox
78%
Piscataquis
75.9%
Sagadahoc
74.5%

You're not logged in!

Compare scores with friends on all Sporcle quizzes.
OR
Log In

From the Vault

Finish That Insult: Friends

by emberly13

Our favorite insult is, "I envy all the people who haven't met you yet."
Remove Ads.
Support Sporcle.
Get the best of Sporcle when you Go Orange. This ad-free experience offers more features, more stats, and more fun while also helping to support Sporcle. Thank you for becoming a member.

Show Comments

Extras

Top Quizzes Today


Score Distribution

Your Account Isn't Verified!

In order to create a playlist on Sporcle, you need to verify the email address you used during registration. Go to your Sporcle Settings to finish the process.

Report this User

Report this user for behavior that violates our Community Guidelines.

Details: